| 000 | 00535cam a22002051 4500 | ||
|---|---|---|---|
| 001 | af 47004690 | ||
| 003 | DLC | ||
| 005 | 20260227110827.0 | ||
| 008 | 890424s1944 be 000 1 dut c | ||
| 010 | _aaf 47004690 | ||
| 035 | _a(OCoLC)19591581 | ||
| 040 |
_aNew York. Public Library _cCU _dDLC |
||
| 042 | _apremarc | ||
| 050 | 0 | 0 |
_aPZ13 _b.V4 |
| 100 | 1 | _aVerten, Jeroom. | |
| 245 | 1 | 4 | _aHet gaat ons goed. |
| 250 | _a3. druk. | ||
| 260 |
_aAntwerpen [etc.] _bN. v. Standaard-boekhandel, _c1944. |
||
| 300 |
_a185 p., 2 l. _c18 cm. |
||
| 999 |
_c2752 _d2752 |
||